|
|
|
|
| LEADER |
00000nam a2200000 4500 |
| 001 |
vtls008863505 |
| 003 |
SK-MaSNL |
| 005 |
20260302014418.0 |
| 008 |
240226s1598 gw f 010 0 ger |
| 015 |
|
|
|a SNBHFA
|
| 035 |
|
|
|a cpl000124276
|
| 040 |
|
|
|a SNKHF
|b slo
|c SNK
|e rda
|
| 041 |
0 |
|
|a ger
|
| 044 |
|
|
|a gw
|c DE
|
| 072 |
|
7 |
|a 2-1
|x Prirodzená teológia. Náboženská filozofia
|2 konspekt
|
| 080 |
|
|
|a 2‑1
|2 2011
|
| 080 |
|
|
|a 2‑21
|2 2011
|
| 080 |
|
|
|a 2‑273
|2 2011
|
| 100 |
1 |
|
|a Siegmann, Paul,
|d zomrel 1603
|4 aut
|4 dto
|9 130567
|
| 245 |
1 |
0 |
|a Kurtze Auslegung Der Haustaffel vnsers heiligen Catechismi darinnen einem jeglichen Christen er sey im Lehr wehr oder Nehrstand seine Lection gegeben wird/ wie er seinen Glauben vnd Beruffzieren vnd schmủcken sol
|b In Dreyzehen vnterschiedliche Predigten verfasset vnd zu Halle in Sachssen in der vernewerten Thumbkirchen zur heiligen Dreyfaltigkeit gehalten
|c Durch M. Paulum Nicandrum Pfarrherrn zu S. Ulrich daselbst
|
| 264 |
|
1 |
|a Gedruckt zu Halle
|b In verlegung Abraham Lamberg
|c 1598
|
| 264 |
|
3 |
|a [Halle]
|b [Gräber, Paul]
|c 1598
|
| 300 |
|
|
|a 8 nečíslovaných listov, 366 strán, 1 nečíslovaný list
|c 4°
|
| 336 |
|
|
|a text
|b txt
|2 rdacontent
|
| 337 |
|
|
|a bez média
|b n
|2 rdamedia
|
| 338 |
|
|
|a zväzok
|b nc
|2 rdacarrier
|
| 500 |
|
|
|a Iniciálky s ornamentálnym pozadím na 3, 4 a 5 riadkov, titulný list červeno-čiernou tlačou v drevorezovom portálovom ráme s ornamentálno-figurálnou výzdobou
|
| 501 |
|
|
|a Príväzok 1. k: SIEGMANN, Nikolaus. Einfeltige Doch in Gottes Wort Wolgegründte Erklerung des h. Catechismi D. Martini Lutheri. [Magdeburg]: In verlegung Johan Francken, 1596.
|5 SNK ID 58984
|
| 504 |
|
|
|a Marginálie, kustody
|
| 508 |
|
|
|a Dedikácia: Siegmann, Paul; Schultze, Johann; Schreck, Andress; Hahn, Wolfgang; Ludwiger, Jonas; Sander, Alexander; Kress, Thomas; Steinbach, Kaspar; Keck, Johann
|
| 510 |
4 |
|
|a VD 16
|c S/6378
|
| 546 |
|
|
|a Nemčina
|b Fraktúra
|
| 546 |
|
|
|a Latinčina
|b Antikva
|b Kurzíva
|
| 550 |
|
|
|a Impresum doplnené z VD 16
|
| 562 |
|
|
|a Defekt: chýba koniec knihy, zachované po 288. stranu.
|5 SNK ID 58984/prív.1
|
| 650 |
0 |
7 |
|a teológia
|2 SNKPH
|9 1814
|
| 650 |
0 |
7 |
|a kresťanstvo
|2 SNKPH
|9 2024
|
| 650 |
0 |
7 |
|a náboženstvo
|2 SNKPH
|9 2023
|
| 700 |
1 |
|
|a Lamberg, Abraham,
|d 1557-1629
|4 pbl
|9 172998
|
| 700 |
1 |
|
|a Schultze, Johann,
|d 16.-17. storočie
|4 hnr
|9 658971
|
| 700 |
1 |
|
|a Schreck, Andress,
|d 16.-17. storočie
|4 hnr
|9 658972
|
| 700 |
1 |
|
|a Hahn, Wolfgang,
|d 16.-17. storočie
|4 hnr
|9 658973
|
| 700 |
1 |
|
|a Gräber, Paul,
|d 16.-17. storočie
|4 prt
|9 195849
|
| 700 |
1 |
|
|a Ludwiger, Jonas,
|d 16.-17. storočie
|4 hnr
|9 658974
|
| 700 |
1 |
|
|a Sander, Alexander,
|d 16.-17. storočie
|4 hnr
|9 658975
|
| 700 |
1 |
|
|a Kress, Thomas,
|d zomrel 1564
|4 hnr
|9 658976
|
| 700 |
1 |
|
|a Steinbach, Kaspar,
|d 16.-17. storočie
|4 hnr
|9 658977
|
| 700 |
1 |
|
|a Keck, Johann,
|d 16.-17. storočie
|4 hnr
|9 658978
|
| 710 |
0 |
|
|a Lamberg, Abraham (Halle, Nemecko)
|4 pbl
|9 658979
|
| 710 |
0 |
|
|a Gräber, Paul (Halle, Nemecko)
|4 prt
|9 658980
|
| 752 |
|
|
|a Nemecko
|d Halle
|
| 852 |
|
|
|a snk
|p ID 58984/prív.1
|
| 958 |
|
|
|a DA
|
| 958 |
|
|
|a ONDV
|
| 999 |
|
|
|c 1016830
|d 1018760
|
| 952 |
|
|
|t Tlače 16. storočia
|a SNK
|b SNK
|c SNK_HF
|y PREZ
|7 0
|p 17A1358638
|o snkID 58984/prív.1
|i snkF 19/73
|z 1. príväzok
|0 0
|1 0
|4 0
|d 2021-05-12
|f 1
|l 0
|r 2026-02-24 13:12:05
|w 2026-02-24
|